[Event "Rheinland Pfalz Seniors op 20th"]
[Site "Altenkirchen"]
[Date "2023.09.12"]
[Round "8"]
[White "Fournell, Udo"]
[Black "Fasel, Joerg"]
[Result "1-0"]
[WhiteElo "1894"]
[BlackElo "1813"]
[PlyCount "73"]
[EventDate "2023.09.05"]
[EventType "swiss"]
[EventRounds "9"]
[EventCountry "GER"]
[SourceTitle "CBM 216 Extra"]
[Source "ChessBase"]
[SourceDate "2023.11.30"]
[SourceVersion "1"]
[SourceVersionDate "2023.11.30"]
[SourceQuality "1"]

1. e4 d5 2. exd5 Nf6 3. d4 Nxd5 4. c4 Nb6 5. c5 Nd5 6. Nc3 c6 7. Bc4 e6 8. Qb3 Be7 9. Nf3 Nd7 10. 0-0 0-0 11. Nxd5 exd5 12. Bd3 b6 13. Qc2 h6 14. Be3 bxc5 15. dxc5 Bf6 16. Bf4 Re8 17. Qa4 Nxc5 18. Bh7+ Kxh7 19. Qc2+ Kg8 20. Qxc5 Qb6 21. Qc2 Ba6 22. Rfe1 c5 23. Qf5 d4 24. a4 d3 25. Qd7 Red8 26. Qf5 c4 27. g4 Bb7 28. g5 hxg5 29. Nxg5 Bxg5 30. Bxg5 Rd5 31. Qg4 Qg6 32. h4 f6 33. Re7 Bc6 34. Qe6+ Kh7 35. Qxc6 Rad8 36. Qxf6 d2 37. Rd1 1-0

[Event "Rheinland Pfalz Seniors op 20th"]
[Site "Altenkirchen"]
[Date "2023.09.07"]
[Round "3"]
[White "Fasel, Joerg"]
[Black "Bausch, Jean"]
[Result "1-0"]
[WhiteElo "1813"]
[BlackElo "1630"]
[PlyCount "31"]
[EventDate "2023.09.05"]
[EventType "swiss"]
[EventRounds "9"]
[EventCountry "GER"]
[SourceTitle "CBM 216 Extra"]
[Source "ChessBase"]
[SourceDate "2023.11.30"]
[SourceVersion "1"]
[SourceVersionDate "2023.11.30"]
[SourceQuality "1"]

1. d4 Nf6 2. c4 g6 3. Nc3 Bg7 4. e4 d6 5. f4 0-0 6. Nf3 Ne8 7. Be3 Nd7 8. Be2 b6 9. Qd2 Bb7 10. 0-0 Ndf6 11. d5 e6 12. Nd4 Qd7 13. e5 dxe5 14. fxe5 Nxd5 15. cxd5 Bxe5 16. dxe6 1-0

[Event "Altenkirchen Seniors op 19th"]
[Site "Altenkirchen"]
[Date "2022.07.26"]
[Round "8"]
[White "Fasel, Joerg"]
[Black "Schulte, Stefan"]
[Result "1-0"]
[WhiteElo "1801"]
[BlackElo "1948"]
[PlyCount "67"]
[EventDate "2022.07.19"]
[EventType "swiss"]
[EventRounds "9"]
[EventCountry "GER"]
[SourceTitle "CBM 209 Extra"]
[Source "ChessBase"]
[SourceDate "2022.09.30"]
[SourceVersion "1"]
[SourceVersionDate "2022.09.30"]
[SourceQuality "1"]

1. d4 Nf6 2. c4 e6 3. Nc3 Bb4 4. Nf3 c5 5. e3 0-0 6. Bd3 d6 7. 0-0 Bxc3 8. bxc3 Nc6 9. e4 e5 10. d5 Ne7 11. Ne1 Ng6 12. f4 exf4 13. Bxf4 Ng4 14. Be2 N6e5 15. Bg3 Qe7 16. Qc2 Bd7 17. Rb1 b6 18. Nf3 Rae8 19. Nxe5 Nxe5 20. Bxe5 Qxe5 21. Bd3 g6 22. Qd2 Qg7 23. Rbe1 Re5 24. Re3 Rfe8 25. Ref3 R8e7 26. Rf6 Bf5 27. Rxd6 Bxe4 28. Rd8+ Re8 29. Rxe8+ Rxe8 30. Bxe4 Rxe4 31. d6 Re8 32. d7 Rd8 33. Re1 Qf8 34. Qd5 1-0

[Event "Altenkirchen Seniors op 19th"]
[Site "Altenkirchen"]
[Date "2022.07.20"]
[Round "2"]
[White "Fasel, Joerg"]
[Black "Huettemann, Karl Heinz"]
[Result "0-1"]
[WhiteElo "1801"]
[BlackElo "2062"]
[PlyCount "88"]
[EventDate "2022.07.19"]
[EventType "swiss"]
[EventRounds "9"]
[EventCountry "GER"]
[SourceTitle "CBM 209 Extra"]
[Source "ChessBase"]
[SourceDate "2022.09.30"]
[SourceVersion "1"]
[SourceVersionDate "2022.09.30"]
[SourceQuality "1"]

1. d4 d5 2. c4 e6 3. Nc3 Nf6 4. Bg5 Nbd7 5. Nf3 Bb4 6. e3 c5 7. cxd5 Qa5 8. Bxf6 Nxf6 9. Qc2 Nxd5 10. Rc1 Qxa2 11. Bb5+ Ke7 12. 0-0 Bxc3 13. bxc3 Qxc2 14. Rxc2 a6 15. Ra1 Rb8 16. Be2 cxd4 17. cxd4 Bd7 18. Ne5 Rhc8 19. Rb2 f6 20. Nf3 Nc3 21. Bd3 h6 22. h3 Bb5 23. Ne1 Bd7 24. Kh2 Na4 25. Rb4 b5 26. Bc2 a5 27. Rb3 Ra8 28. Rba3 Rc3 29. Bxa4 Rxa3 30. Rxa3 bxa4 31. Nd3 Rb8 32. Nc5 Rb4 33. Kg3 Bc6 34. f3 Kd6 35. f4 Kd5 36. Rc3 Rc4 37. Rd3 Rxc5 38. dxc5+ Kxc5 39. Rc3+ Kb5 40. Kf2 Be4 41. Ke1 Kb4 42. Kd2 a3 43. Rc1 a2 44. Ra1 Kb3 0-1

[Event "AUT-chT2W 2122"]
[Site "Austria"]
[Date "2021.10.17"]
[Round "3.6"]
[White "Stoeckl, Norbert"]
[Black "Fasel, Joerg"]
[Result "1-0"]
[WhiteElo "2038"]
[BlackElo "1808"]
[PlyCount "82"]
[EventDate "2021.10.15"]
[EventType "team-tourn"]
[EventRounds "11"]
[EventCountry "AUT"]
[SourceTitle "CBM 204 Extra"]
[Source "ChessBase"]
[SourceDate "2021.11.30"]
[SourceVersion "1"]
[SourceVersionDate "2021.11.30"]
[SourceQuality "1"]
[WhiteTeam "Schwarzach"]
[BlackTeam "Kufstein/Woergl"]
[WhiteTeamCountry "AUT"]
[BlackTeamCountry "AUT"]

1. e4 d5 2. exd5 Nf6 3. Nf3 Nxd5 4. d4 g6 5. Be2 Bg7 6. 0-0 0-0 7. Na3 Bg4 8. Nc4 Bxf3 9. Bxf3 Nc6 10. c3 e6 11. a4 a6 12. a5 b5 13. axb6 cxb6 14. Qe2 b5 15. Ne3 Re8 16. Rd1 Qd7 17. g3 Rec8 18. Qf1 Ra7 19. Qg2 Nce7 20. h4 h5 21. g4 hxg4 22. Nxg4 Nf5 23. Qh3 Qc7 24. Bxd5 exd5 25. h5 gxh5 26. Qxh5 Ng3 27. fxg3 Qxg3+ 28. Kh1 Qf3+ 29. Kh2 Qe2+ 30. Kg3 Re7 31. Bg5 Re6 32. Nf6+ Bxf6 33. Qxe2 Rxe2 34. Bxf6 Rc6 35. Rf1 Rxb2 36. Rf3 Rb3 37. Rh1 Rxf6 38. Rxf6 Rxc3+ 39. Kf4 Kg7 40. Rxa6 b4 41. Rg1+ Kf8 1-0